Democratization in the Middle East : (Record no. 11635)
[ view plain ]
| 000 -LEADER | |
|---|---|
| fixed length control field | 02280cam a22003374a 4500 |
| 001 - CONTROL NUMBER | |
| control field | 13025189 |
| 005 - DATE AND TIME OF LATEST TRANSACTION | |
| control field | 20030929162222.0 |
| 008 - FIXED-LENGTH DATA ELEMENTS--GENERAL INFORMATION | |
| fixed length control field | 021209i2003 ja b a 001 0 eng |
| 010 ## - LIBRARY OF CONGRESS CONTROL NUMBER | |
| LC control number | 2002155283 |
| 020 ## - INTERNATIONAL STANDARD BOOK NUMBER | |
| International Standard Book Number | 9280810855 (pbk.) |
| 040 ## - CATALOGING SOURCE | |
| Original cataloging agency | DLC |
| Transcribing agency | DLC |
| Modifying agency | DLC |
| 042 ## - AUTHENTICATION CODE | |
| Authentication code | pcc |
| 043 ## - GEOGRAPHIC AREA CODE | |
| Geographic area code | aw----- |
| 050 00 - LIBRARY OF CONGRESS CALL NUMBER | |
| Classification number | JQ1758.A91 |
| Item number | D466 2003 |
| 082 00 - DEWEY DECIMAL CLASSIFICATION NUMBER | |
| Classification number | 320.956 |
| Edition number | 21 |
| Item number | DEM |
| 245 00 - TITLE STATEMENT | |
| Title | Democratization in the Middle East : |
| Remainder of title | Experiences, Struggles, Challenges / |
| Statement of responsibility, etc | edited by Amin Saikal and Albrecht Schnabel. |
| 260 ## - PUBLICATION, DISTRIBUTION, ETC. (IMPRINT) | |
| Place of publication, distribution, etc | Tokyo : |
| Name of publisher, distributor, etc | United Nations University Press, |
| Date of publication, distribution, etc | c2003. |
| 300 ## - PHYSICAL DESCRIPTION | |
| Extent | x, 211 p. ; |
| Dimensions | 24 cm. |
| 440 #4 - | |
| -- | The Changing Nature of Democracy |
| -- | 5275 |
| 504 ## - BIBLIOGRAPHY, ETC. NOTE | |
| Bibliography, etc | Includes bibliographical references and index. |
| 505 0# - FORMATTED CONTENTS NOTE | |
| Formatted contents note | A rough journey : nascent democratization in the Middle East / Albrecht Schnabel -- Democratic peace, conflict prevention, and the United Nations -- Democratization and peacebuilding / Albrecht Schnabel -- Toward a democratic peace in the Middle East / Etel Solingen -- The United Nations and the Middle East / Amin Saikal -- Secularization and democracy -- Disenchanted worlds : secularization and democratization in the Middle East / Majid Tehranian -- The influence of Islam on attitudes toward democracy in Morocco and Algeria / Mark Tessler -- National and regional experiences -- The democratic process in Syria, Lebanon, and Jordan / Kamel S. Abu Jaber -- "Democratic peace" and the Jewish political tradition / Gerald M. Steinberg -- Democracy and peace in Iran and Iraq / Amin Saikal -- State power and democratization in North Africa : developments in Morocco, Algeria, Tunisia, and Libya / Tom Pierre Najem. |
| 650 #0 - SUBJECT ADDED ENTRY--TOPICAL TERM | |
| Topical term or geographic name as entry element | Democratization |
| Geographic subdivision | Middle East. |
| 9 (RLIN) | 5276 |
| 650 #0 - SUBJECT ADDED ENTRY--TOPICAL TERM | |
| Topical term or geographic name as entry element | Democracy |
| Geographic subdivision | Middle East. |
| 9 (RLIN) | 5277 |
| 650 #0 - SUBJECT ADDED ENTRY--TOPICAL TERM | |
| Topical term or geographic name as entry element | Peace |
| Geographic subdivision | Middle East. |
| 9 (RLIN) | 5278 |
| 650 #0 - SUBJECT ADDED ENTRY--TOPICAL TERM | |
| Topical term or geographic name as entry element | Secularization |
| Geographic subdivision | Middle East. |
| 9 (RLIN) | 5279 |
| 700 1# - ADDED ENTRY--PERSONAL NAME | |
| Personal name | Saikal, Amin, |
| Dates associated with a name | 1950- |
| 9 (RLIN) | 5280 |
| 700 1# - ADDED ENTRY--PERSONAL NAME | |
| Personal name | Schnabel, Albrecht. |
| 9 (RLIN) | 5281 |
| 942 ## - ADDED ENTRY ELEMENTS (KOHA) | |
| Source of classification or shelving scheme | Dewey Decimal Classification |
| Item type | Book - Borrowing |
| Withdrawn status | Item status | Source of classification or shelving scheme | Damaged status | Not for loan | Vendor | Home library | Current library | Shelving location | Date acquired | Source of acquisition | Cost, normal purchase price | Serial Enumeration / chronology | Total Checkouts | Total Renewals | Full call number | Barcode | Date last seen | Date last borrowed | Koha item type |
|---|---|---|---|---|---|---|---|---|---|---|---|---|---|---|---|---|---|---|---|
| Dewey Decimal Classification | MERIC | Central Library | Central Library | First floor | 25/05/2009 | 166.00 | 9083 | 9 | 10 | 320.956 DEM | 000016143 | 15/07/2025 | 26/11/2023 | Book - Borrowing |